00145 a2200073 45000010005000001000012000052450038000172600016000553685 aPak Pub aCost of the repceblic of Pakistan abPak Pubc